000 00515cam a22001574a 4500
020 _a0804730490 (cloth : alk. paper)
020 _a0804730504 (pbk.)
040 _cDLC
082 0 0 _a959 STA 1999 A101 Or.
100 1 _aMorris, Stephen J
245 1 0 _aWhy Vietnam invaded Cambodia :
_bpolitical culture and the causes of war /
260 _aStanford, Calif :
_bStanford University Press,
_c1999
300 _axiii, 315 p. :
_bill., maps ;
_c24 cm
650 0 _aCambodian-Vietnamese Conflict, 1977-1991
942 _cEK
999 _c13334
_d13334